| 000 | 00870nam a22003017a 4500 | ||
|---|---|---|---|
| 001 | 000310 | ||
| 003 | DO-SdBNP | ||
| 005 | 20240524115333.0 | ||
| 007 | 000310 | ||
| 008 | 160623b 2011 sp |||| 00| 0 spa d | ||
| 020 | _a9788483651582 | ||
| 040 |
_aBPMSU _bspa _cBPMSU |
||
| 082 | 4 |
_a813.5 _bH313d 2011 _222 |
|
| 100 | 1 |
_aHarris, Charlaine, _d1951- _4 |
|
| 240 | 1 | 0 | _aDefinitely dead. |
| 245 | 1 | 0 |
_aDefinitivamente muerta / _cCharlaine Harris ; traducción Omar El Kashef. |
| 260 |
_aMadrid, España : _bPunto de Lectura, _c2011. |
||
| 300 |
_a339 p. ; _c23 cm. |
||
| 490 | 0 | _aTrueBlood | |
| 500 | _a | ||
| 590 | _aInventariado, 2024/VM | ||
| 650 | 4 | _aNovela estadounidense | |
| 650 | 4 |
_aOcultismo _v Novela _e |
|
| 650 | 4 |
_aVampiros _vNovela |
|
| 700 | 1 |
_aOmar El-Kashef. _eTraductor |
|
| 910 | _aVMateo V. Control de calidad. BPMSU | ||
| 942 |
_2ddc _cBK |
||
| 999 |
_c10547 _d10547 |
||